000 00443nam a22001817a 4500
003 MPLRDC
005 20220104144427.0
008 210129b ||||| |||| 00| 0 eng d
082 _a857.621 NK-16 v.7 c.3
100 _a倪匡
245 _a沉船
_c
250 _a再版
260 _a
_b明窗出版社
_c1985
300 _b
490 _a卫斯理科幻小说全集. 7
650 _a科幻小说
942 _cBK
_o857.621 NK-16 v.7 c.3
999 _c49507
_d49497